000 00392nam a2200133Ia 4500
008 230917s9999||||xx |||||||||||||| ||und||
040 _e188798
_aMAIN
041 _aEnglish
082 _a657.45 H266R(1996)(3)
100 _aIndia, Comptroller and Auditor General
245 0 _aReport of the Comptroller and Auditor General of India, no.3(Civil) of 1996
300 _axii,238 p.
942 _cBK
999 _c80289
_d80289